| 000 | 01310cam a2200397 a 4500 | ||
|---|---|---|---|
| 001 | 2791 | ||
| 003 | FISKH | ||
| 005 | 20240326090709.0 | ||
| 008 | 050509s2006 nyu c 000 f eng | ||
| 010 | _a 2005013521 | ||
| 020 | _a0399243011 (hardcover) : | ||
| 020 | _a9780399243011 | ||
| 020 | _a9780439024181 | ||
| 040 |
_aDLC _cDLC _dDLC _beng |
||
| 042 | _alcac | ||
| 050 | 0 | 0 |
_aPZ7.L97914 _bHea 2006 |
| 082 | 0 | 0 |
_a[Fic] _222 |
| 100 | 1 | _aLupica, Mike. | |
| 245 | 1 | 0 |
_aHeat / _cMike Lupica. |
| 250 | _aFirst Scholastic printing, January 2007 | ||
| 260 |
_aNew York : _bScholastic, _c2006. |
||
| 300 |
_a220 pages ; _c23 cm |
||
| 505 | _aS | ||
| 520 | _aPitching prodigy Michael Arroyo is on the run from social services after being banned from playing Little League baseball because rival coaches doubt he is only twelve years old and he has no parents to offer them proof. | ||
| 521 | 8 |
_a940 _bLexile |
|
| 586 | 8 | _aA Junior Library Guild selection. | |
| 650 | 1 |
_aBrothers _vFiction. |
|
| 650 | 1 |
_aOrphans _vFiction. |
|
| 650 | 1 |
_aNoncitizens _vFiction. |
|
| 650 | 1 |
_aCubans _vFiction. |
|
| 650 | 1 |
_aLittle League baseball _vFiction. |
|
| 650 | 1 |
_aBaseball _vFiction. |
|
| 650 | 1 |
_aSocial service _vFiction. |
|
| 906 |
_a7 _bcbc _corignew _d1 _eecip _f20 _gy-gencatlg |
||
| 942 |
_2ddc _cBK _n0 |
||
| 999 |
_c2791 _d2791 |
||